Le diagnostic financier de l' entreprise : avec 20 cas corriges

Αποθηκεύτηκε σε:
Λεπτομέρειες βιβλιογραφικής εγγραφής
Κύριος συγγραφέας: Glais, Michel
Μορφή: Βιβλίο
Γλώσσα:French
Δημοσίευση: Paris : Economica, 1986
Έκδοση:2e ed.
Σειρά:Collection L'Esprit d' entreprise
Θέματα:
Ετικέτες: Προσθήκη ετικέτας
Δεν υπάρχουν, Καταχωρήστε ετικέτα πρώτοι!

MARC

LEADER 00000nam a2200000 i 4500
001 1/20287
008 960705s1986 fre d
020 |a 2-7178-1181-8 
035 |l 10021523 
040 |a GR-MY-UA  |b gre  |e aacr 
041 0 |a fre 
082 0 |a 658.15 
100 1 |a Glais, Michel. 
245 1 3 |a Le diagnostic financier de l' entreprise :  |b avec 20 cas corriges /  |c Michel Glais 
250 |a 2e ed. 
260 |a Paris :   |b Economica,   |c 1986 
300 |a 388 p. 
490 1 |a Collection L'Esprit d' entreprise 
650 0 0 |a Business enterprises  |x Finance. 
650 0 0 |a Corporations  |x Finance. 
830 0 |a Collection L'Esprit d' entreprise 
852 |a INST  |b CHIOS  |e 19960705  |h 658.15 GLA  |p 005200002619  |q 005200002619  |t BK  |y 0 
909 |a Χ  |b 010997